Operating system (Record no. 11313)
[ view plain ]
| 000 -LEADER | |
|---|---|
| fixed length control field | 00803nam a22002657a 4500 |
| 005 - DATE AND TIME OF LATEST TRANSACTION | |
| control field | 20230512223704.0 |
| 008 - FIXED-LENGTH DATA ELEMENTS--GENERAL INFORMATION | |
| fixed length control field | 210430t xxu||||| |||| 00| 0 eng d |
| 020 ## - INTERNATIONAL STANDARD BOOK NUMBER | |
| International Standard Book Number | 9789352691166 |
| 040 ## - CATALOGING SOURCE | |
| Transcribing agency | CSPC |
| 082 0# - DEWEY DECIMAL CLASSIFICATION NUMBER | |
| Classification number | 005.4 |
| Item number | J199o |
| 100 ## - MAIN ENTRY--PERSONAL NAME | |
| Personal name | Jain, Suchi |
| Relator term | author. |
| 245 00 - TITLE STATEMENT | |
| Title | Operating system |
| Statement of responsibility, etc. | Suchi Jain |
| 260 ## - PUBLICATION, DISTRIBUTION, ETC. | |
| Place of publication, distribution, etc. | New Delhi : |
| Name of publisher, distributor, etc. | Random Publications, |
| Date of publication, distribution, etc. | 2019. |
| 300 ## - PHYSICAL DESCRIPTION | |
| Extent | viii, 296 pages : |
| Other physical details | illustrations, tables ; |
| Dimensions | 25 cm. |
| 336 ## - CONTENT TYPE | |
| Source | rdacontent |
| Content type term | text |
| 337 ## - MEDIA TYPE | |
| Source | rdamedia |
| Media type term | unmediated |
| 338 ## - CARRIER TYPE | |
| Source | rdacarrier |
| Carrier type term | volume |
| 500 ## - GENERAL NOTE | |
| General note | Includes index, |
| 504 ## - BIBLIOGRAPHY, ETC. NOTE | |
| Bibliography, etc. note | Includes bibliography pages (293-294). |
| 650 10 - SUBJECT ADDED ENTRY--TOPICAL TERM | |
| Topical term or geographic name entry element | Operating systems (Computers). |
| 940 ## - EQUIVALENCE OR CROSS-REFERENCE--UNIFORM TITLE [OBSOLETE] [CAN/MARC only] | |
| Uniform title | <a href="Lenie">Lenie</a> |
| 942 ## - ADDED ENTRY ELEMENTS (KOHA) | |
| Koha item type | |
| -- | CIR 005.4 J199o 2019 |
| Withdrawn status | Lost status | Damaged status | Not for loan | Home library | Current library | Shelving location | Date acquired | Total Checkouts | Full call number | Barcode | Date last seen | Date last checked out | Copy number | Price effective from | Koha item type |
|---|---|---|---|---|---|---|---|---|---|---|---|---|---|---|---|
| Main Library | Main Library | Circulation Section | 05/12/2023 | 1 | CIR 005.4 J199o 2019 | 022405 | 12/06/2024 | 10/16/2024 | 1-1 | 05/12/2023 | Books |